00752naa a2200169 i 45000010005000000030009000050050017000140080041000310400029000720410008001011000141001092450103002506550030003537730171003839420013005549990015005679739KOSZ 00520180410102820.0180406s2005 po | |s |100 ||eng d cKOSZ 005/HRaKOSZ 005/HR aeng1 aHRYNIEWICZ, Zdzisław.d1999 - 2012.bPolitechnika Koszalińska - Wydział Budownictwa i Inżynierii Środowiska,cKatedra Matematyki10aEffect of moving load along beam inside a layer on surface vibration [CD] /cZdzisław Hryniewicz. 0aMateriały konferencyjne.0 iW :tProceedings of the 12th International Congress on Sound and Vibration (ICSV12), Lisbon, Portugal / ed. by J. L. B. Coelho and D. Alarcao. -g2005, pap. 155, 1-8. cROZ2UKD c9739d9739